Normal view
MARC view
- مكة المكرمة - تاريخ - رحلات ووصف
Entry Topical Term
001 - CONTROL NUMBER
- control field: 56900
003 - CONTROL NUMBER IDENTIFIER
- control field: JO-AjAnu
005 - DATE AND TIME OF LATEST TRANSACTION
- control field: 20230606083324.0
008 - FIXED-LENGTH DATA ELEMENTS
- fixed length control field: 230606|| aca||aabn | a|a d
040 ## - CATALOGING SOURCE
- Original cataloging agency: JO-AjAnu
- Transcribing agency: JO-AjAnu
150 ## - HEADING--TOPICAL TERM
- Topical term or geographic name entry element: مكة المكرمة - تاريخ - رحلات ووصف
670 ## - SOURCE DATA FOUND
- Source citation: Work cat.: (JO-AjAnu)29034: تاليف هورخرونيه، ك. سنوك؛ تعريب علي عودة الشيوخ؛ اعداد وتعليق محمد محمود السرياني ، اعداد وتعليق معراج نواب مزرا؛ مراجعة محمد ابراهيم علي, author 56899, صفحات من تاريخ مكة المكرمة: دراسة للأوضاع السياسية والاقتصادية والاجتماعية من البعثة النبوية الشريفة وحتى نهاية القرن الثالث عشر الهجري، ج1